| 000 | 00697nam a2200193 a 4500 | ||
|---|---|---|---|
| 001 | 000009328 | ||
| 005 | 20200929161545.0 | ||
| 008 | 090929s2005 dr a 000 0 spa d | ||
| 020 | _a9993481297 | ||
| 040 | _aDO-SdBNP | ||
| 082 |
_axxx _bA666u |
||
| 245 | 0 | 4 |
_aLos árboles de la UNAPEC : _bun monumento de la naturaleza / _ctextos científicos Ricardo García, Francisco Jiménez ; ilustraciones ángel Haché. |
| 260 |
_aSanto Domingo : _bUniversidad APEC, _c2005. |
||
| 300 |
_a155 P. : _bil. ; _c32 cm. |
||
| 504 | _aIncluye referencias bibliográficas (p. 155) | ||
| 700 | 1 | 2 |
_aGarcía, Ricardo _etex. _917889 |
| 700 | 1 | 2 |
_aJiménez, Francisco _etex _924070 |
| 700 | 1 | 2 |
_aHaché, Ángel _eil. _914463 |
| 999 |
_c9088 _d9088 |
||